The Coast of doing business in Malaysia.
| Corporate Author: | |
|---|---|
| Format: | Book |
| Published: |
Kuala Lumpur:
MIDA,
2005.
|
| Subjects: |
| LEADER | 00534cam a2200169 7i4500 | ||
|---|---|---|---|
| 001 | 0000016167 | ||
| 005 | 20050907090000.0 | ||
| 090 | 0 | 0 | |a M 338.7 |b MAL |
| 110 | 1 | 0 | |a Malaysian Industrial Development Authority (MIDA) |
| 245 | 0 | 0 | |a The Coast of doing business in Malaysia. |
| 260 | 0 | 0 | |a Kuala Lumpur: |b MIDA, |c 2005. |
| 300 | # | # | |a 29 p. |
| 650 | 0 | 0 | |a Business -- |z Malaysia |
| 650 | 0 | 0 | |a Taxation -- |z Malaysia |
| 650 | 0 | 0 | |a Doing business -- |x costs -- |z Malaysia |
| 651 | 0 | 0 | |a Malaysia |
| 999 | |a 0000017574 |b Book |c Malaysia |e Business Information Centre | ||